| 000 | 02417nam a22003497a 4500 | ||
|---|---|---|---|
| 001 | 102215 | ||
| 003 | KnowledgeUnlatched | ||
| 005 | 20210303105143.0 | ||
| 006 | m o d | ||
| 007 | cr u|||||||||| | ||
| 008 | 210129p20192019enk o u00| u eng d | ||
| 037 | _5BiblioBoard | ||
| 245 | 0 | 0 |
_aHow America Became Capitalist _bImperial Expansion and the Conquest of the West / _cJames Parisot. |
| 020 | _a9781786803863 | ||
| 029 | 1 | _ahttps://library.biblioboard.com/ext/api/media/dc7aac11-bf4a-418a-8079-795febb30e65/assets/thumbnail.jpg | |
| 040 |
_aScCtBLL _cScCtBLL |
||
| 100 | 1 |
_aParisot, James _eauthor. |
|
| 264 | 1 | _bPluto Press, | |
| 300 | _a1 online resource. | ||
| 506 | 0 |
_aAccess copy available to the general public. _fUnrestricted _2star |
|
| 520 | _aIn an age of political and economic uncertainty, from the Great Recession to the election of Donald Trump, it is essential to understand the ways capitalism and imperialism are central to the American way of life. The story told in this book brings together a new interpretation of American history beyond mainstream perspectives to chart the ways in which white-settler colonialism pushed expansion on the western frontier of empire, and locates the history through which empire gradually took on a capitalist form. It follows the pathway of expansion from the making of an Atlantic world market through the creation of white colonies in New England and Virginia. From here the book charts the growth of empire across the north and south, highlighting the gendered dynamics of empire-building, and culminates in a discussion of the Civil War and the consolidation of over two centuries of capitalist development explaining how a society with capitalism became a capitalist society. | ||
| 588 | 0 | _aDescription based on print version record. | |
| 590 | _aKU Select 2018: HSS Frontlist Books | ||
| 650 | 7 |
_aHistory / United States / Colonial Period (1600-1775) _2bisacsh |
|
| 650 | 0 | _aHistory | |
| 655 | 0 | _aElectronic books. | |
| 758 |
_iIs found in: _aKnowledge Unlatched _1https://openresearchlibrary.org/module/2774bc74-146a-484f-a7ba-ab1d6a09bbfb |
||
| 856 | 4 | 0 |
_uhttps://openresearchlibrary.org/content/dc7aac11-bf4a-418a-8079-795febb30e65 _zView this content on Open Research Library. _70 |
| 999 |
_c33786 _d33786 |
||